000 01573pam a2200421 i 4500
001 zcodcb b8878901
003 DLC
005 20260326153515.0
007 ta
008 251024s2026 nyu e 000 1 eng
010 _a 2025018539
020 _a9781250377371
_qhardcover
040 _aDLC
_beng
_erda
_cDLC
_dDLC-MRC
042 _apcc
_acyac
100 1 _aHorne, Maggie,
_eauthor.
_4aut.
_4http://id.loc.gov/vocabulary/relators/ aut
_955619
245 1 0 _aFreddie and Stella got hot /
_cMaggie Horne.
250 _aFirst edition.
300 _a336 pages ;
_c22 cm.
520 _aBest friends Freddie and Stella scheme to get back at Levi, their ex-friend-turned-queen-bee, by stealing a coveted award, but as their plan starts to work, Freddie realizes Stella has become the real mean girl, and only Levi can help stop her.
521 _aAges 14-18
_bFeiwel and Friends.
521 _aGrades 10-12
_bFeiwel and Friends.
650 0 _aPopularity
_vJuvenile fiction.
_92711
650 0 _aBest friends
_vJuvenile fiction.
650 0 _aFriendship
_vJuvenile fiction.
650 0 _aPreparatory schools
_vJuvenile fiction.
650 0 _aSchools
_vJuvenile fiction.
650 0 _aGay people
_vJuvenile fiction.
_942456
650 1 _aPopularity
_vFiction.
650 1 _aBest friends
_vFiction.
650 1 _aFriendship
_vFiction.
650 1 _aPreparatory schools
_vFiction.
650 1 _aSchools
_vFiction.
650 1 _aLGBTQ+ people
_vFiction.
_941895
655 7 _aNovels.
_2lcgft
655 7 _aFiction.
_2lcgft
907 _a.b514771306
942 _2ddc
_cBK
999 _c129573
_d129573